搭地铁玩广州 (Record no. 68705)

000 -LEADER
fixed length control field 00572nam a22001937a 4500
003 - CONTROL NUMBER IDENTIFIER
control field MPLRDC
005 - DATE AND TIME OF LATEST TRANSACTION
control field 20220105061107.0
008 - FIXED-LENGTH DATA ELEMENTS--GENERAL INFORMATION
fixed length control field 210129b ||||| |||| 00| 0 eng d
020 ## - INTERNATIONAL STANDARD BOOK NUMBER
International Standard Book Number 978-7-5633-9834-8
082 ## - DEWEY DECIMAL CLASSIFICATION NUMBER
Classification number 719.233 DDT
100 ## - MAIN ENTRY--PERSONAL NAME
Personal name 《搭地铁玩广州》编辑部 编著
245 ## - TITLE STATEMENT
Title 搭地铁玩广州
Statement of responsibility, etc.
250 ## - EDITION STATEMENT
Edition statement 初版一刷
260 ## - PUBLICATION, DISTRIBUTION, ETC.
Place of publication, distribution, etc. 中国
Name of publisher, distributor, etc. 广西师范大学出版社
Date of publication, distribution, etc. 2010
300 ## - PHYSICAL DESCRIPTION
Other physical details
520 ## - SUMMARY, ETC.
Summary, etc. 上架 2017-05-16。<br/>2018-07-03 弄湿--pg.左上角(6077)。
650 ## - SUBJECT ADDED ENTRY--TOPICAL TERM
Topical term or geographic name entry element 中国游记--广东
942 ## - ADDED ENTRY ELEMENTS (KOHA)
Koha item type Book
-- 719.233 DDT

No items available.

© 2022. Malaysian Public Library, Research and Development Centre. All Right ReservedE-mailmplrdc@help.edu.my 

Powered by Koha